Flags of the World - Sudden Death - Statistics

General Stats
  • This quiz has been taken 801 times
  • The average score is 47 of 196
Answer Stats
Picture Answer % Correct
United States
99%
United Kingdom
98%
Australia
92%
Canada
89%
New Zealand
88%
Russia
85%
France
81%
Italy
81%
Netherlands
79%
Ireland
72%
Ivory Coast
67%
Bulgaria
61%
Japan
61%
Hungary
60%
South Korea
60%
Bangladesh
56%
Brazil
56%
Sweden
55%
Finland
53%
Greece
53%
Norway
52%
Denmark
51%
Iceland
51%
Madagascar
51%
Georgia
50%
Palau
50%
China
47%
Malta
47%
Vietnam
46%
Dominican Republic
44%
Tonga
44%
Albania
38%
Kosovo
38%
Nepal
38%
Vatican City
38%
Cyprus
37%
Lebanon
37%
Switzerland
37%
Bhutan
36%
Burkina Faso
36%
Myanmar
36%
Belgium
35%
Cameroon
35%
Israel
35%
Niger
33%
San Marino
33%
Papua New Guinea
32%
Gabon
30%
Turkey
27%
Algeria
26%
Pakistan
26%
Tunisia
26%
D.R. Congo
25%
Azerbaijan
24%
Comoros
24%
Malaysia
24%
Mauritania
24%
Germany
23%
India
23%
Jamaica
23%
Mexico
23%
Saudi Arabia
23%
Singapore
23%
South Africa
23%
Spain
23%
Turkmenistan
23%
Uzbekistan
23%
Barbados
22%
Kenya
22%
Libya
22%
Maldives
22%
Austria
21%
Egypt
21%
Eswatini
21%
Oman
21%
Poland
21%
Iraq
20%
Peru
20%
South Sudan
20%
Syria
20%
Argentina
19%
Indonesia
19%
Iran
19%
Monaco
19%
United Arab Emirates
19%
Yemen
19%
Jordan
18%
Kuwait
18%
Uruguay
18%
Antigua and Barbuda
17%
Kazakhstan
17%
Malawi
17%
North Macedonia
17%
Sudan
17%
Tajikistan
17%
Kiribati
16%
Philippines
16%
Rwanda
16%
Bahamas
15%
Bosnia & Herzegovina
15%
Brunei
15%
Marshall Islands
15%
Namibia
15%
Seychelles
15%
Tanzania
15%
Trinidad & Tobago
15%
Venezuela
15%
Chile
14%
Croatia
14%
Cuba
14%
Czech Republic
14%
East Timor
14%
Eritrea
14%
Liechtenstein
14%
Nauru
14%
North Korea
14%
Panama
14%
Rep. of the Congo
14%
Serbia
14%
Slovakia
14%
St. Kitts & Nevis
14%
Belize
13%
Cambodia
13%
Cape Verde
13%
Djibouti
13%
Equatorial Guinea
13%
Estonia
13%
Guyana
13%
Haiti
13%
Laos
13%
Liberia
13%
Luxembourg
13%
Mozambique
13%
Paraguay
13%
Samoa
13%
Sao Tome & Principe
13%
Slovenia
13%
Taiwan
13%
Thailand
13%
Vanuatu
13%
Zimbabwe
13%
Afghanistan
12%
Botswana
12%
Costa Rica
12%
F.S. of Micronesia
12%
Honduras
12%
Somalia
12%
Angola
11%
Belarus
11%
Nicaragua
11%
Sierra Leone
11%
Bahrain
10%
Burundi
10%
El Salvador
10%
Ethiopia
9%
Portugal
9%
Senegal
9%
Ukraine
9%
Andorra
8%
Armenia
8%
Benin
8%
Colombia
8%
Dominica
8%
Ecuador
8%
Ghana
8%
Grenada
8%
Guinea
8%
Guinea-Bissau
8%
Latvia
8%
Lithuania
8%
Mali
8%
Moldova
8%
Montenegro
8%
Morocco
8%
Nigeria
8%
Qatar
8%
Sri Lanka
8%
Suriname
8%
Togo
8%
Uganda
8%
Bolivia
7%
Central African Republic
7%
Chad
7%
Fiji
7%
Guatemala
7%
Kyrgyzstan
7%
Lesotho
7%
Mauritius
7%
Mongolia
7%
Romania
7%
Solomon Islands
7%
St. Lucia
7%
St. Vincent and the Grenadines
7%
Zambia
7%
Gambia
6%
Tuvalu
6%
No matching quizzes found
Score Distribution
Percent of People with Each Score
Percentile by Number Answered
Your Score History
You have not taken this quiz